000 00709nam a2200193Ia 4500
008 201125s9999||||xx |||||||||||||| ||und||
020 _a0802830684
020 _a9780802830685
041 _aeng
050 _aBR115.N87
_b.M48 2007
100 _aMetzger, Paul Louis
245 0 _aConsuming Jesus:
_bbeyond race and class divisions in a consumer church /
_cPaul Louis Metzger
260 _aGrand Rapids, Mich. :
_bWilliam B. Eerdmans Pub. ,
_c2007
300 _ax, 191 p.
_b;
_c23 cm.
650 _aConsumption (Economics) -- Religious aspects -- Christianity.
650 _aDinners and dining -- Religious aspects -- Christianity.
650 _aFood -- Religious aspects -- Christianity.
999 _c32159
_d32159